| 000 | 00962pam a2200313 a 4500 | ||
|---|---|---|---|
| 001 | 015744846 | ||
| 003 | Uk | ||
| 005 | 20240818092943.0 | ||
| 008 | 110124s2012 at a 001 0 eng|d | ||
| 010 | _a2010937495 | ||
| 020 | _a0840065868 (pbk.) : | ||
| 020 | _a9780840065865 (pbk.) : | ||
| 082 | 0 | 4 |
_a540 _223 _bZUM |
| 100 | 1 |
_aZumdahl, Steven S. _931077 |
|
| 245 | 1 | 0 |
_aChemistry : _ban Atoms First Approach / _cSteven S. Zumdahl, Susan A. Zumdahl. |
| 250 | _aInternational ed. | ||
| 260 |
_aAustralia : _bBrooks/Cole, Cengage Learning, _cc2012. |
||
| 300 |
_axvii, 1038, 90 p. : _bcol. ill. ; _c28 cm. |
||
| 500 | _aIncludes index. | ||
| 500 |
_aFormerly CIP. _5Uk |
||
| 650 | 0 |
_aChemistry. _931078 |
|
| 650 | 0 |
_aAtoms. _931079 |
|
| 653 |
_bChe _cOctober2012 |
||
| 700 | 1 |
_aZumdahl, Susan L. _931080 |
|
| 942 |
_2ddc _cBB _hRDA-MOD |
||
| 999 |
_c17062 _d17034 |
||
| 336 |
_2rdacontent _atext _btxt |
||
| 337 |
_aunmediated _2rdamedia _bn |
||
| 338 |
_avolume _bnc _2rdacarrier |
||